Рифтогенез, матасоматоз и нетрадиционное золото-платиноидное оруденение; Известия Томского политехнического университета [Известия ТПУ]; Т. 303, вып. 1
| Parent link: | Известия Томского политехнического университета [Известия ТПУ]/ Томский политехнический университет (ТПУ).— , 2000- Т. 303, вып. 1.— 2000.— [С. 152-160] |
|---|---|
| Hlavní autor: | |
| Shrnutí: | Заглавие с титульного листа Электронная версия печатной публикации В складчатых поясах российских и зарубежных территорий нередко выявляются нетрадиционные золото-платиноидные месторождения магматогенно-гидротермального и осадочно-гидротермального типов. Они относятся к золото-платиноидно-скарновой, золото-платиноидно-кварц-березитовой, золото-платиноидно-углеродисто-сульфидно-лиственитовой, золото-платиноидно-сульфидно-аргиллизитовой, медно-сульфидно-золото-платиноидно-порфировой, золото-платиноидной в медистых песчаниках и сланцах группам рудных объектов. Такие комплексные рудные нетрадиционные объекты формировались в структурах орогенеза, незавершенного или завершенного рифтогенеза, тектоно-магматической активизации в областях активного проявления мантийно-корового палеодиапиризма и метасоматизма. Рудоносные геологические формации тяготеют к внутригеосинклинальным поднятиям, зонам глубинных разломов, горсто-грабеновым структурам, к рифтогенным впадинам на участках активного разуплотнения (гидратации) пород под воздействием гидротермального метасоматоза. В рудных полях, месторождениях развита рудно-метасоматическая зональность: внизу колонн кварц-альбит-калишпатовые метасоматиты с Os, Ir, Pt, Mo, W; в средней части - березиты-листвениты с Au, Pt, Pd, Bi, W; вверху - листвениты, аргиллизиты с Те, Pd, Au, Ag, Sb. Отмечается привнос и перераспределение рудного вещества в зонах метасоматоза. Вертикальная протяженность отдельных рудно-метасоматических колонн составляет 1,2-3,8 км. |
| Jazyk: | ruština |
| Vydáno: |
2000
|
| Témata: | |
| On-line přístup: | http://www.lib.tpu.ru/fulltext/v/Bulletin_TPU/2000/v303/i1/13.pdf |
| Médium: | MixedMaterials Elektronický zdroj Kapitola |
| KOHA link: | https://koha.lib.tpu.ru/cgi-bin/koha/opac-detail.pl?biblionumber=162528 |
MARC
| LEADER | 00000nla2a2200000 4500 | ||
|---|---|---|---|
| 001 | 162528 | ||
| 005 | 20231031160414.0 | ||
| 035 | |a (RuTPU)RU\TPU\book\176273 | ||
| 035 | |a RU\TPU\book\176271 | ||
| 090 | |a 162528 | ||
| 100 | |a 20090623d2000 k y0rusy50 ca | ||
| 101 | 0 | |a rus | |
| 102 | |a RU | ||
| 135 | |a drnn ---uucaa | ||
| 181 | 0 | |a i | |
| 182 | 0 | |a b | |
| 200 | 1 | |a Рифтогенез, матасоматоз и нетрадиционное золото-платиноидное оруденение |b Электронный ресурс |f А. Ф. Коробейников | |
| 203 | |a Текст |c электронный | ||
| 215 | |a 1 файл (1.4 Мб) | ||
| 230 | |a Электронные текстовые данные (1 файл : 1.4 Мб) | ||
| 300 | |a Заглавие с титульного листа | ||
| 300 | |a Электронная версия печатной публикации | ||
| 320 | |a [Библиогр.: с. 160 (21 назв.)] | ||
| 330 | |a В складчатых поясах российских и зарубежных территорий нередко выявляются нетрадиционные золото-платиноидные месторождения магматогенно-гидротермального и осадочно-гидротермального типов. Они относятся к золото-платиноидно-скарновой, золото-платиноидно-кварц-березитовой, золото-платиноидно-углеродисто-сульфидно-лиственитовой, золото-платиноидно-сульфидно-аргиллизитовой, медно-сульфидно-золото-платиноидно-порфировой, золото-платиноидной в медистых песчаниках и сланцах группам рудных объектов. Такие комплексные рудные нетрадиционные объекты формировались в структурах орогенеза, незавершенного или завершенного рифтогенеза, тектоно-магматической активизации в областях активного проявления мантийно-корового палеодиапиризма и метасоматизма. Рудоносные геологические формации тяготеют к внутригеосинклинальным поднятиям, зонам глубинных разломов, горсто-грабеновым структурам, к рифтогенным впадинам на участках активного разуплотнения (гидратации) пород под воздействием гидротермального метасоматоза. В рудных полях, месторождениях развита рудно-метасоматическая зональность: внизу колонн кварц-альбит-калишпатовые метасоматиты с Os, Ir, Pt, Mo, W; в средней части - березиты-листвениты с Au, Pt, Pd, Bi, W; вверху - листвениты, аргиллизиты с Те, Pd, Au, Ag, Sb. Отмечается привнос и перераспределение рудного вещества в зонах метасоматоза. Вертикальная протяженность отдельных рудно-метасоматических колонн составляет 1,2-3,8 км. | ||
| 337 | |a Adobe Reader | ||
| 461 | 1 | |0 (RuTPU)RU\TPU\book\176237 |t Известия Томского политехнического университета [Известия ТПУ] |f Томский политехнический университет (ТПУ) |d 2000- | |
| 463 | 1 | |0 (RuTPU)RU\TPU\book\176238 |t Т. 303, вып. 1 |o тематический выпуск |f под ред. Ю. П. Похолкова, В. Я. Ушакова |v [С. 152-160] |d 2000 |p 324 с. | |
| 610 | 1 | |a рифтогенез | |
| 610 | 1 | |a метасоматоз | |
| 610 | 1 | |a золото-платиноидные месторождения | |
| 610 | 1 | |a оруденение | |
| 610 | 1 | |a труды учёных ТПУ | |
| 610 | 1 | |a электронный ресурс | |
| 700 | 1 | |a Коробейников |b А. Ф. |c российский геолог, доктор геолого-минералогических наук |c профессор Томского политехнического университета |f 1934- |g Александр Феопенович |2 stltpush |3 (RuTPU)RU\TPU\pers\12688 | |
| 801 | 1 | |a RU |b 63413507 |c 20090623 |g PSBO | |
| 801 | 2 | |a RU |b 63413507 |c 20210318 |g PSBO | |
| 856 | 4 | |u http://www.lib.tpu.ru/fulltext/v/Bulletin_TPU/2000/v303/i1/13.pdf | |
| 942 | |c CF | ||